[Event "Oberliga Bayern 1516"]
[Site "Bayern"]
[Date "2016.04.10"]
[Round "9.2"]
[White "Wenninger, Philipp"]
[Black "Schmidt, Raul"]
[Result "1-0"]
[WhiteElo "2332"]
[BlackElo "2370"]
[PlyCount "71"]
[EventDate "2015.10.11"]
[EventType "team-tourn"]
[EventRounds "9"]
[EventCountry "GER"]
[SourceTitle "EXT 2018"]
[Source "ChessBase"]
[SourceDate "2017.10.13"]
[SourceVersion "1"]
[SourceVersionDate "2017.10.13"]
[SourceQuality "1"]
[WhiteTeam "Erlangen SC"]
[BlackTeam "Regensburg Post/Sued"]
[WhiteTeamCountry "GER"]
[BlackTeamCountry "GER"]

1. d4 d5 2. c4 c6 3. Nc3 e6 4. Nf3 dxc4 5. a4 Bb4 6. Bd2 a5 7. e3 b5 8. axb5 Bxc3 9. Bxc3 cxb5 10. b3 Bb7 11. bxc4 b4 12. Bb2 Nf6 13. Bd3 0-0 14. 0-0 Nbd7 15. Nd2 e5 16. Qc2 Qc7 17. d5 Rfc8 18. e4 Ba6 19. Kh1 Nc5 20. Be2 Nfd7 21. Bg4 f6 22. f4 exf4 23. Bd4 Re8 24. Rfc1 Ne5 25. Be2 Bc8 26. Nb3 Ned7 27. Bh5 Re5 28. Bf3 Nxb3 29. Qxb3 Nc5 30. Qd1 Bd7 31. Rcb1 Ree8 32. d6 Qc8 33. e5 Ra6 34. Bd5+ Be6 35. Bxc5 Qxc5 36. Bxe6+ 1-0

[Event "BL2-Ost 1415"]
[Site "Germany"]
[Date "2015.02.01"]
[Round "8.2"]
[White "Jansa, Vlastimil"]
[Black "Schmidt, Raul"]
[Result "1/2-1/2"]
[WhiteElo "2443"]
[BlackElo "2370"]
[PlyCount "118"]
[EventDate "2014.10.18"]
[EventType "team-tourn"]
[EventRounds "10"]
[EventCountry "GER"]
[SourceTitle "CBM 166 Extra"]
[Source "ChessBase"]
[SourceDate "2015.06.18"]
[SourceVersion "1"]
[SourceVersionDate "2015.06.18"]
[SourceQuality "1"]
[WhiteTeam "Forchheim"]
[BlackTeam "Neutraubling Wacker"]
[WhiteTeamCountry "GER"]
[BlackTeamCountry "GER"]

1. e4 e6 2. d4 d5 3. Nd2 c5 4. Ngf3 cxd4 5. exd5 Qxd5 6. Bc4 Qd6 7. 0-0 Nf6 8. Nb3 Nc6 9. Nfxd4 Nxd4 10. Nxd4 a6 11. Re1 Qc7 12. Qe2 Bd6 13. Bg5 0-0 14. Bd3 Qa5 15. Bxf6 gxf6 16. Rad1 Kh8 17. c3 Qe5 18. g3 Qxe2 19. Bxe2 Bc7 20. Bf3 Rb8 21. Rd2 Bb6 22. Nc2 Kg7 23. Na3 Bc5 24. Nc4 b6 25. Red1 a5 26. Nd6 Kg6 27. a3 Rd8 28. b4 axb4 29. cxb4 Bxd6 30. Rxd6 Rxd6 31. Rxd6 Ba6 32. a4 Bc4 33. h4 f5 34. Rc6 Bd3 35. Rc3 Rd8 36. Rc6 Rb8 37. Kg2 Kf6 38. Rc7 Be4 39. Rd7 Rc8 40. Rd6 Bxf3+ 41. Kxf3 Rc3+ 42. Ke2 Ra3 43. b5 Ke5 44. Rxb6 Rxa4 45. Rb7 Ra2+ 46. Kf3 Ra3+ 47. Kg2 Kf6 48. b6 Rb3 49. Rb8 Kg6 50. Kh1 Kh5 51. Kh2 f4 52. b7 fxg3+ 53. fxg3 e5 54. Kg2 f5 55. Rg8 Rxb7 56. Rg5+ Kh6 57. Rxf5 Rg7 58. Rf3 e4 59. Re3 Kh5 1/2-1/2

[Event "BL2-Ost 1415"]
[Site "Germany"]
[Date "2015.01.31"]
[Round "7.2"]
[White "Schmidt, Raul"]
[Black "Gasthofer, Alexander"]
[Result "0-1"]
[WhiteElo "2370"]
[BlackElo "2433"]
[PlyCount "114"]
[EventDate "2014.10.18"]
[EventType "team-tourn"]
[EventRounds "10"]
[EventCountry "GER"]
[SourceTitle "CBM 166 Extra"]
[Source "ChessBase"]
[SourceDate "2015.06.18"]
[SourceVersion "1"]
[SourceVersionDate "2015.06.18"]
[SourceQuality "1"]
[WhiteTeam "Neutraubling Wacker"]
[BlackTeam "Bad Mergentheim"]
[WhiteTeamCountry "GER"]
[BlackTeamCountry "GER"]

1. b3 g6 2. Bb2 Nf6 3. Bxf6 exf6 4. d4 Bg7 5. e3 0-0 6. Nh3 d6 7. Nf4 c6 8. Be2 Re8 9. 0-0 Nd7 10. c4 f5 11. Nc3 Nc5 12. Qc2 Ne6 13. Nxe6 fxe6 14. Rad1 Qe7 15. e4 e5 16. d5 c5 17. a3 Bd7 18. b4 Rac8 19. Rb1 b6 20. b5 Qg5 21. Kh1 Bh6 22. Rb2 Rf8 23. a4 Qh4 24. Ra2 Rf7 25. a5 Rcf8 26. Bd3 Bf4 27. g3 Qh3 28. Rg1 Bg5 29. Bf1 Qh6 30. Bg2 f4 31. axb6 axb6 32. Re1 Bg4 33. Kg1 Qh5 34. Qd3 fxg3 35. hxg3 Rf3 36. Qc2 Qh6 37. Nd1 R3f7 38. Ne3 Bf3 39. Nf5 gxf5 40. Bxf3 fxe4 41. Bxe4 Qh3 42. Qd3 Rg7 43. Bg2 Qd7 44. Qf1 Qf5 45. Bh3 Qf3 46. Qe2 h5 47. Be6+ Kh7 48. Qxf3 Rxf3 49. Kg2 Rc3 50. Bf5+ Kh6 51. Re4 Rf7 52. Be6 Rf8 53. g4 h4 54. Bf5 h3+ 55. Kh2 Bf4+ 56. Rxf4 exf4 57. Ra7 Re8 0-1

[Event "ROM-chT2"]
[Site "Calimanesti"]
[Date "2014.11.10"]
[Round "3.3"]
[White "Manescu, Tiberiu"]
[Black "Schmidt, Raul"]
[Result "1/2-1/2"]
[WhiteElo "2393"]
[BlackElo "2377"]
[PlyCount "25"]
[EventDate "2014.11.08"]
[EventType "team-tourn"]
[EventRounds "9"]
[EventCountry "ROU"]
[SourceTitle "CBM 163 Extra"]
[Source "ChessBase"]
[SourceDate "2014.12.23"]
[SourceVersion "1"]
[SourceVersionDate "2014.12.23"]
[SourceQuality "1"]
[WhiteTeam "Resita Muncitorul"]
[BlackTeam "Brasov CSU"]
[WhiteTeamCountry "ROU"]
[BlackTeamCountry "ROU"]

1. Nf3 Nf6 2. g3 d5 3. Bg2 Bg4 4. d3 Nbd7 5. h3 Bh5 6. g4 Bg6 7. Nh4 e6 8. Nd2 c6 9. e3 Qb6 10. d4 Be7 11. Nxg6 hxg6 12. f4 c5 13. c3 1/2-1/2

[Event "BL2-Ost 1415"]
[Site "Germany"]
[Date "2014.10.18"]
[Round "1.2"]
[White "Schmidt, Raul"]
[Black "Machelett, Heiko"]
[Result "1/2-1/2"]
[WhiteElo "2370"]
[BlackElo "2418"]
[PlyCount "30"]
[EventDate "2014.10.18"]
[EventType "team-tourn"]
[EventRounds "10"]
[EventCountry "GER"]
[SourceTitle "CBM 166 Extra"]
[Source "ChessBase"]
[SourceDate "2015.06.18"]
[SourceVersion "1"]
[SourceVersionDate "2015.06.18"]
[SourceQuality "1"]
[WhiteTeam "Neutraubling Wacker"]
[BlackTeam "Leipzig SG"]
[WhiteTeamCountry "GER"]
[BlackTeamCountry "GER"]

1. Nf3 Nf6 2. c4 b6 3. g3 Bb7 4. Bg2 g6 5. 0-0 Bg7 6. Nc3 0-0 7. d4 Ne4 8. Nxe4 Bxe4 9. Be3 e6 10. Bg5 Qc8 11. Rc1 d6 12. Qd2 Nd7 13. Rfd1 a5 14. b3 f5 15. Bh3 Bb7 1/2-1/2

[Event "Wunsiedel op 8th"]
[Site "Wunsiedel"]
[Date "2014.05.31"]
[Round "5"]
[White "Knechtel, Roland"]
[Black "Schmidt, Raul"]
[Result "0-1"]
[WhiteElo "2216"]
[BlackElo "2356"]
[PlyCount "76"]
[EventDate "2014.05.29"]
[EventType "swiss"]
[EventRounds "7"]
[EventCountry "GER"]
[SourceTitle "CBM 160 Extra"]
[Source "ChessBase"]
[SourceDate "2014.07.01"]
[SourceVersion "1"]
[SourceVersionDate "2014.07.01"]
[SourceQuality "1"]

1. d4 Nf6 2. Nf3 g6 3. c4 Bg7 4. Nc3 d6 5. e4 0-0 6. Be2 e5 7. 0-0 Nc6 8. d5 Ne7 9. Ne1 Nd7 10. Be3 f5 11. f3 f4 12. Bf2 g5 13. Rc1 Ng6 14. b4 Nf6 15. c5 Rf7 16. cxd6 cxd6 17. Nb5 g4 18. Qc2 g3 19. hxg3 fxg3 20. Bxg3 Bh6 21. Rb1 Nh5 22. Bf2 Ngf4 23. g4 Nh3+ 24. Kh1 Bxg4 25. Nxd6 Qxd6 26. Bc5 Qf6 27. fxg4 Ng3+ 28. Kh2 Nxf1+ 29. Kxh3 Qf4 30. Bxf1 Qxf1+ 31. Ng2 Qf3+ 32. Kh2 Qxg4 33. Rb3 Rf3 34. d6 b6 35. Qc4+ Kh8 36. Qd5 Bf4+ 37. Kg1 Rg8 38. Rb2 Rg3 0-1

[Event "Olomouc op 16th"]
[Site "Olomouc"]
[Date "2013.08.04"]
[Round "4"]
[White "Dukaczewski, Piotr"]
[Black "Schmidt, Raul"]
[Result "1-0"]
[WhiteElo "2233"]
[BlackElo "2371"]
[PlyCount "63"]
[EventDate "2013.08.01"]
[EventType "swiss"]
[EventRounds "9"]
[EventCountry "CZE"]
[SourceTitle "CBM 155 Extra"]
[Source "ChessBase"]
[SourceDate "2013.08.26"]
[SourceVersion "1"]
[SourceVersionDate "2013.08.26"]
[SourceQuality "1"]

1. c4 Nf6 2. Nc3 g6 3. g3 Bg7 4. Bg2 0-0 5. Nf3 Nc6 6. 0-0 d6 7. Rb1 Bf5 8. d3 Qd7 9. e4 Bh3 10. d4 Bxg2 11. Kxg2 Rfe8 12. d5 Na5 13. Qd3 c5 14. b3 a6 15. a4 Ng4 16. h3 Ne5 17. Nxe5 dxe5 18. b4 cxb4 19. Rxb4 Qd6 20. Ba3 Rec8 21. Nb1 Qc7 22. Rc1 b6 23. Qe3 Bf8 24. Qxb6 Qxb6 25. Rxb6 Nxc4 26. Rc6 Rxc6 27. dxc6 Nxa3 28. Nxa3 Rc8 29. c7 Bh6 30. Rc6 Kf8 31. Nc4 Ke8 32. Nb6 1-0

[Event "Olomouc op 16th"]
[Site "Olomouc"]
[Date "2013.08.01"]
[Round "1"]
[White "Schmidt, Raul"]
[Black "Ulrich, Thomas2222"]
[Result "1-0"]
[WhiteElo "2371"]
[BlackElo "2007"]
[PlyCount "91"]
[EventDate "2013.08.01"]
[EventType "swiss"]
[EventRounds "9"]
[EventCountry "CZE"]
[SourceTitle "CBM 155 Extra"]
[Source "ChessBase"]
[SourceDate "2013.08.26"]
[SourceVersion "1"]
[SourceVersionDate "2013.08.26"]
[SourceQuality "1"]

1. Nf3 d5 2. c4 e6 3. g3 Nf6 4. Bg2 dxc4 5. Ne5 Nbd7 6. Nxc4 Nb6 7. Na5 c6 8. a3 Bd6 9. 0-0 0-0 10. d4 e5 11. Nc3 exd4 12. Qxd4 Qc7 13. Rd1 Be5 14. Bf4 Bxf4 15. Qxf4 Qxf4 16. gxf4 Nbd5 17. Nxd5 Nxd5 18. Bxd5 cxd5 19. Rxd5 Be6 20. Rd2 b6 21. Nc6 Rfe8 22. Rc1 h6 23. Nd4 Rad8 24. Rc7 Rd7 25. Rxd7 Bxd7 26. Rc2 Bh3 27. f3 Rd8 28. e3 Rd7 29. Kf2 Be6 30. f5 Ba2 31. Kg3 Bb1 32. Rc1 Bd3 33. Rc3 Ba6 34. Kf4 Kf8 35. Ke5 Bb7 36. Kf4 Ke8 37. Nb5 a6 38. Nd4 Kd8 39. Nc6+ Ke8 40. Ne5 Re7 41. Nc4 b5 42. Nd6+ Kd8 43. e4 Rd7 44. e5 Ke7 45. Nxf7 b4 46. Rc1 1-0

[Event "Ciocaltea Memorial"]
[Site "Bucharest"]
[Date "2010.04.01"]
[Round "10"]
[White "Schmidt, Raul"]
[Black "Murariu, Andrei"]
[Result "0-1"]
[WhiteElo "2387"]
[BlackElo "2479"]
[PlyCount "47"]
[EventDate "2010.03.23"]
[EventType "tourn"]
[EventRounds "11"]
[EventCountry "ROU"]
[EventCategory "9"]
[SourceTitle "CBM 135 Extra"]
[Source "ChessBase"]
[SourceDate "2010.05.04"]
[SourceVersion "1"]
[SourceVersionDate "2010.05.04"]
[SourceQuality "1"]

1. d4 d5 2. c4 c6 3. cxd5 cxd5 4. Nc3 Nf6 5. Bf4 Nc6 6. e3 a6 7. Bd3 Bg4 8. Nge2 e6 9. h3 Bh5 10. 0-0 Be7 11. Rc1 0-0 12. Na4 Nd7 13. a3 Bf6 14. Qc2 Bxe2 15. Qxe2 Qe7 16. Bb1 g6 17. Rfd1 Rfc8 18. Ba2 b5 19. Nc5 Nb6 20. Nd3 Nc4 21. a4 Nb4 22. b3 Nxd3 23. Qxd3 Nb2 24. Bb1 0-1

[Event "EU-ch 11th"]
[Site "Rijeka"]
[Date "2010.03.15"]
[Round "9"]
[White "Schmidt, Raul"]
[Black "Medvegy, Zoltan"]
[Result "1/2-1/2"]
[WhiteElo "2387"]
[BlackElo "2556"]
[PlyCount "131"]
[EventDate "2010.03.06"]
[EventType "swiss"]
[EventRounds "11"]
[EventCountry "CRO"]
[SourceTitle "CBM 136"]
[Source "ChessBase"]
[SourceDate "2010.05.18"]
[SourceVersion "1"]
[SourceVersionDate "2010.05.18"]
[SourceQuality "1"]

1. Nf3 g6 2. d4 Bg7 3. g3 c5 4. dxc5 Qa5+ 5. Nbd2 Qxc5 6. Nb3 Qc7 7. Bg2 b6 8. Bf4 d6 9. Bxd6 Qb7 10. 0-0 exd6 11. Nfd4 d5 12. Nb5 Ke7 13. c4 Qd7 14. Qxd5 Qxd5 15. Bxd5 a6 16. Bxa8 axb5 17. cxb5 Be6 18. Rac1 Bxb2 19. Rc7+ Nd7 20. Rd1 Ngf6 21. Bc6 Be5 22. Rb7 Rb8 23. Ra7 Rc8 24. Nd4 Rc7 25. Bxd7 Bxd7 26. Nc6+ Ke6 27. Ra6 Bc8 28. Rxb6 Nd7 29. Nd4+ Ke7 30. Rc6 Bb7 31. Rxc7 Bxc7 32. Nc6+ Bxc6 33. bxc6 Ne5 34. e4 Nxc6 35. f4 h5 36. Kg2 h4 37. Kf3 hxg3 38. hxg3 f6 39. Kg4 Ke6 40. Rc1 Kd7 41. a4 Bb8 42. Rc5 Bc7 43. Kh4 Kd6 44. Rb5 Kd7 45. Rb3 Ke6 46. Rc3 Kd7 47. f5 g5+ 48. Kh5 Be5 49. Ra3 Kc7 50. Rb3 Nd4 51. Rc3+ Kb6 52. g4 Ne2 53. Rc4 Nf4+ 54. Kh6 Nd3 55. Kg6 Nf2 56. a5+ Ka7 57. Rc6 Nxe4 58. Re6 Kb7 59. Kf7 Nf2 60. Kg6 Nxg4 61. Kh5 Ne3 62. Rxe5 fxe5 63. f6 Nd5 64. f7 Nf6+ 65. Kxg5 Nd7 66. Kf5 1/2-1/2

[Event "EU-ch 11th"]
[Site "Rijeka"]
[Date "2010.03.12"]
[Round "7"]
[White "Schmidt, Raul"]
[Black "Pogosian, Vladimir"]
[Result "1-0"]
[WhiteElo "2387"]
[BlackElo "2204"]
[PlyCount "63"]
[EventDate "2010.03.06"]
[EventType "swiss"]
[EventRounds "11"]
[EventCountry "CRO"]
[SourceTitle "CBM 136"]
[Source "ChessBase"]
[SourceDate "2010.05.18"]
[SourceVersion "1"]
[SourceVersionDate "2010.05.18"]
[SourceQuality "1"]

1. Nf3 f5 2. c4 Nf6 3. g3 d6 4. d4 g6 5. Bg2 Bg7 6. b4 0-0 7. Bb2 Qe8 8. Qc2 Nc6 9. b5 Nd8 10. Nbd2 a5 11. 0-0 b6 12. e4 f4 13. e5 Nh5 14. Rae1 Bf5 15. Qb3 a4 16. Qa3 Ra7 17. d5 Bh6 18. Ne4 Bxe4 19. Rxe4 fxg3 20. hxg3 Nb7 21. Nd4 Nc5 22. Re2 g5 23. Bh3 Bg7 24. Nc6 Rb7 25. Bd4 Kh8 26. Bxc5 bxc5 27. Qxa4 dxe5 28. Qc2 Nf6 29. Rxe5 Qh5 30. Bf5 Kg8 31. g4 Qh6 32. Re6 1-0

[Event "EU-ch 11th"]
[Site "Rijeka"]
[Date "2010.03.09"]
[Round "4"]
[White "Welz, Peter"]
[Black "Schmidt, Raul"]
[Result "1/2-1/2"]
[WhiteElo "2148"]
[BlackElo "2387"]
[PlyCount "74"]
[EventDate "2010.03.06"]
[EventType "swiss"]
[EventRounds "11"]
[EventCountry "CRO"]
[SourceTitle "CBM 136"]
[Source "ChessBase"]
[SourceDate "2010.05.18"]
[SourceVersion "1"]
[SourceVersionDate "2010.05.18"]
[SourceQuality "1"]

1. e4 e6 2. d4 d5 3. e5 c5 4. Nf3 Nc6 5. Bd3 cxd4 6. 0-0 Nge7 7. Bf4 Qb6 8. Nbd2 Ng6 9. Bg3 Qxb2 10. h4 h5 11. Nb3 Be7 12. Nbxd4 Qb6 13. Rb1 Qd8 14. Bxg6 fxg6 15. Qd3 Nxd4 16. Qxg6+ Kf8 17. Nxd4 Rh6 18. Qd3 Bxh4 19. Bf4 Bg5 20. Bxg5 Qxg5 21. f4 Qe7 22. f5 Kg8 23. f6 gxf6 24. Rxf6 Rxf6 25. exf6 Qxf6 26. Rf1 Qg7 27. Rf3 e5 28. Rg3 Bg4 29. Nf5 Qd7 30. Nh6+ Kf8 31. Qf1+ Ke7 32. Qf7+ Kd6 33. Qf6+ Qe6 34. Nf7+ Kc5 35. Rc3+ Kd4 36. Rd3+ Kc5 37. Rc3+ Kd4 1/2-1/2

[Event "ROM-ch"]
[Site "Baile Olanesti"]
[Date "2010.02.03"]
[Round "5"]
[White "Badea, Bela"]
[Black "Schmidt, Raul"]
[Result "1/2-1/2"]
[WhiteElo "2487"]
[BlackElo "2385"]
[PlyCount "49"]
[EventDate "2010.01.31"]
[EventType "swiss"]
[EventRounds "9"]
[EventCountry "ROU"]
[SourceTitle "CBM 134 Extra"]
[Source "ChessBase"]
[SourceDate "2010.03.03"]
[SourceVersion "1"]
[SourceVersionDate "2010.03.03"]
[SourceQuality "1"]

1. Nf3 Nf6 2. b3 d5 3. Bb2 c5 4. e3 Bg4 5. h3 Bh5 6. Bb5+ Nbd7 7. Be2 e6 8. d3 Bd6 9. g4 Bg6 10. g5 Nh5 11. Rg1 h6 12. Nh4 hxg5 13. Nxg6 fxg6 14. Bf1 Bh2 15. Rg2 Be5 16. c3 d4 17. Qg4 Qf6 18. cxd4 cxd4 19. exd4 Bf4 20. Nc3 0-0 21. Be2 Rac8 22. h4 Qe7 23. hxg5 Rf5 24. Ne4 Rc2 25. Rb1 1/2-1/2

[Event "Condom op-A"]
[Site "Condom"]
[Date "2009.07.14"]
[Round "5"]
[White "Chamaillard, Sylvain"]
[Black "Schmidt, Raul"]
[Result "1/2-1/2"]
[WhiteElo "2149"]
[BlackElo "2377"]
[PlyCount "90"]
[EventDate "2009.07.11"]
[EventType "swiss"]
[EventRounds "9"]
[EventCountry "FRA"]
[SourceTitle "CBM 131 Extra"]
[Source "ChessBase"]
[SourceDate "2009.09.03"]
[SourceVersion "2"]
[SourceVersionDate "2009.09.16"]
[SourceQuality "1"]

1. e4 e6 2. e5 c5 3. Nf3 Nc6 4. b3 d5 5. exd6 Bxd6 6. Bb2 Nf6 7. Bb5 Bd7 8. 0-0 a6 9. Bxc6 Bxc6 10. d3 0-0 11. Nbd2 b5 12. Qe2 Bb7 13. Ne4 Nd5 14. Nxd6 Qxd6 15. Qe5 Qxe5 16. Nxe5 Rfd8 17. Ng4 Nf4 18. Ne3 Ne2+ 19. Kh1 f6 20. Rad1 Kf7 21. Rd2 Nf4 22. Kg1 e5 23. f3 Bc6 24. g3 Ne6 25. f4 exf4 26. gxf4 Nd4 27. Rdf2 Re8 28. Bxd4 cxd4 29. Nf5 Rad8 30. Ng3 g6 31. Re2 Rxe2 32. Nxe2 Ke6 33. Re1 Kd5 34. Ng3 Kc5 35. Re7 Kb4 36. Rxh7 Re8 37. Kf2 a5 38. Rc7 Re6 39. f5 gxf5 40. Nxf5 Be8 41. Nxd4 Re5 42. Nc6+ Bxc6 43. Rxc6 Rh5 44. Rxf6 Rxh2+ 45. Ke3 Kc3 1/2-1/2

[Event "La Fere op 8th"]
[Site "La Fere"]
[Date "2009.07.08"]
[Round "6"]
[White "Schmidt, Raul"]
[Black "Malaniuk, Vladimir P"]
[Result "1/2-1/2"]
[WhiteElo "2377"]
[BlackElo "2563"]
[PlyCount "136"]
[EventDate "2009.07.04"]
[EventType "swiss"]
[EventRounds "9"]
[EventCountry "FRA"]
[SourceTitle "CBM 131 Extra"]
[Source "ChessBase"]
[SourceDate "2009.09.03"]
[SourceVersion "2"]
[SourceVersionDate "2009.09.16"]
[SourceQuality "1"]

1. Nf3 f5 2. d4 g6 3. g3 Nf6 4. Bg2 Bg7 5. 0-0 0-0 6. b4 c6 7. c4 Ne4 8. Bb2 d5 9. Nbd2 a5 10. bxa5 Qxa5 11. Qc2 Qa4 12. Qb3 dxc4 13. Nxc4 Be6 14. Rfc1 Nd7 15. Qd3 Qb5 16. Qb3 Qa4 17. Qd3 Rfd8 18. e3 Bd5 19. Nfd2 b5 20. Na3 Qb4 21. Nc2 Qxb2 22. Nxe4 fxe4 23. Bxe4 Bxa2 24. Bxc6 Ne5 25. Qxb5 Qxb5 26. Bxb5 Bc4 27. Rxa8 Rxa8 28. Bxc4+ Nxc4 29. Nb4 Nd6 30. Rc7 Bf6 31. h4 Kf7 32. Kg2 h5 33. Nd5 Ra2 34. Kf3 Nf5 35. Rb7 Rc2 36. Ra7 Nh6 37. Rc7 Rb2 38. Nc3 Ng4 39. Ne4 Ke6 40. Rc5 Kf7 41. Rc7 Ra2 42. Rb7 Ra5 43. Nc5 Ra3 44. Rb3 Ra2 45. Ne4 Ra7 46. Nc5 Nh6 47. Rb7 Ra3 48. Rb3 Ra2 49. Rb7 Nf5 50. Ne4 Ra3 51. Kg2 Nh6 52. Rb6 Ra7 53. Nc5 Nf5 54. Ne4 Rc7 55. Ra6 Rb7 56. Ra2 e6 57. Nc5 Rc7 58. Ra6 Ng7 59. Rb6 Be7 60. Rb7 Rxb7 61. Nxb7 Nf5 62. Na5 Nh6 63. Nc4 Nf5 64. Ne5+ Kg7 65. f3 Bd6 66. Nd3 Kf6 67. Nc1 Nh6 68. Ne2 Bb4 1/2-1/2

[Event "EU-ch 10th"]
[Site "Budva"]
[Date "2009.03.17"]
[Round "11"]
[White "Schmidt, Raul"]
[Black "Kadric, Denis"]
[Result "1/2-1/2"]
[WhiteElo "2382"]
[BlackElo "1982"]
[PlyCount "90"]
[EventDate "2009.03.06"]
[EventType "swiss"]
[EventRounds "11"]
[EventCountry "MNE"]
[SourceTitle "CBM 130"]
[Source "ChessBase"]
[SourceDate "2009.05.20"]
[SourceVersion "1"]
[SourceVersionDate "2009.05.20"]
[SourceQuality "1"]

1. Nf3 Nf6 2. c4 g6 3. Nc3 Bg7 4. e4 d6 5. d4 0-0 6. Be2 e5 7. 0-0 Nc6 8. d5 Ne7 9. Ne1 Nd7 10. Be3 f5 11. f3 f4 12. Bf2 g5 13. Nd3 Rf6 14. c5 Rh6 15. cxd6 cxd6 16. Rc1 Qe8 17. Be1 Nc5 18. Nf2 a5 19. Nb5 b6 20. h3 Rb8 21. b3 Bd7 22. Na3 Rf6 23. Nc4 Nc8 24. Bc3 Rh6 25. Rb1 Na7 26. Na3 a4 27. bxa4 Nxa4 28. Bb4 Nc5 29. Qd2 Bf8 30. Bc3 Be7 31. Rfc1 Rg6 32. Nc4 Bd8 33. Nd3 Nxd3 34. Qxd3 h5 35. Bb4 Nc8 36. Qa3 Qe7 37. Nd2 Qg7 38. Rc2 g4 39. fxg4 hxg4 40. hxg4 b5 41. Rbc1 Bb6+ 42. Kf1 Qh7 43. Bf3 Qh4 44. Ke2 Qf2+ 45. Kd1 Qg1+ 1/2-1/2

[Event "EU-ch 10th"]
[Site "Budva"]
[Date "2009.03.14"]
[Round "8"]
[White "Lajthajm, Borko"]
[Black "Schmidt, Raul"]
[Result "1/2-1/2"]
[WhiteElo "2502"]
[BlackElo "2382"]
[PlyCount "72"]
[EventDate "2009.03.06"]
[EventType "swiss"]
[EventRounds "11"]
[EventCountry "MNE"]
[SourceTitle "CBM 130"]
[Source "ChessBase"]
[SourceDate "2009.05.20"]
[SourceVersion "1"]
[SourceVersionDate "2009.05.20"]
[SourceQuality "1"]

1. d4 Nf6 2. c4 g6 3. Nc3 Bg7 4. e4 d6 5. h3 0-0 6. Be2 e5 7. d5 Ne8 8. g4 f5 9. g5 Na6 10. Bf3 Nc5 11. Be3 fxe4 12. Nxe4 Bf5 13. Qc2 b5 14. cxb5 a6 15. bxa6 Rxa6 16. Ne2 Qb8 17. Bxc5 dxc5 18. N2c3 Nd6 19. Qe2 Ra5 20. Nxd6 cxd6 21. Be4 Bxe4 22. Nxe4 Qb4+ 23. Kf1 Ra4 24. Nc3 Ra7 25. Rh2 Qf4 26. Rg2 e4 27. Qxe4 Qxe4 28. Nxe4 Bxb2 29. Re1 Ra6 30. Re2 Rxa2 31. Rg4 Ra1+ 32. Kg2 Be5 33. h4 Rd1 34. f4 Bg7 35. Nxd6 Rxd5 36. Ne4 c4 1/2-1/2

[Event "EU-ch 10th"]
[Site "Budva"]
[Date "2009.03.08"]
[Round "3"]
[White "Schmidt, Raul"]
[Black "Milanovic, Danilo"]
[Result "1/2-1/2"]
[WhiteElo "2382"]
[BlackElo "2552"]
[PlyCount "76"]
[EventDate "2009.03.06"]
[EventType "swiss"]
[EventRounds "11"]
[EventCountry "MNE"]
[SourceTitle "CBM 130"]
[Source "ChessBase"]
[SourceDate "2009.05.20"]
[SourceVersion "1"]
[SourceVersionDate "2009.05.20"]
[SourceQuality "1"]

1. Nf3 Nf6 2. c4 c5 3. Nc3 b6 4. g3 Bb7 5. Bg2 g6 6. 0-0 Bg7 7. d4 cxd4 8. Qxd4 d6 9. Rd1 Nbd7 10. b3 Rc8 11. Bb2 0-0 12. Rac1 Rc5 13. b4 Ne4 14. Qd3 Rc7 15. Na4 Bxb2 16. Nxb2 Qa8 17. Bh3 Nef6 18. Nd4 a6 19. Nb3 a5 20. c5 bxc5 21. Nxa5 Ne5 22. Qd2 Bf3 23. Bf1 Ra7 24. Nac4 Nxc4 25. Nxc4 Bc6 26. bxc5 Ne4 27. Qe3 Nxc5 28. Nxd6 Ba4 29. Qxc5 Bxd1 30. Nc8 Rxc8 31. Qxc8+ Qxc8 32. Rxc8+ Kg7 33. Rd8 Bc2 34. Rd2 Bb1 35. Rd1 Bxa2 36. Ra1 Ra4 37. Bg2 Bb3 38. Rxa4 Bxa4 1/2-1/2

[Event "ROM-ch"]
[Site "Eforie Nord"]
[Date "2009.02.07"]
[Round "8"]
[White "Schmidt, Raul"]
[Black "Ciobanu, Aurelian"]
[Result "1-0"]
[WhiteElo "2382"]
[BlackElo "2194"]
[PlyCount "49"]
[EventDate "2009.01.31"]
[EventType "swiss"]
[EventRounds "9"]
[EventCountry "ROU"]
[SourceTitle "CBM 130 Extra"]
[Source "ChessBase"]
[SourceDate "2009.07.02"]
[SourceVersion "2"]
[SourceVersionDate "2009.07.15"]
[SourceQuality "1"]

1. Nf3 d6 2. d4 Nd7 3. c4 e5 4. Nc3 g6 5. e4 Bg7 6. Be2 Nh6 7. h4 c6 8. h5 Qb6 9. c5 dxc5 10. dxe5 c4 11. hxg6 hxg6 12. e6 fxe6 13. Qd6 Nf8 14. Bg5 Kf7 15. 0-0-0 Kg8 16. Be3 Qa5 17. Bd4 Nf7 18. Rxh8+ Bxh8 19. Qe7 Bxd4 20. Rxd4 Qh5 21. e5 Nxe5 22. Rh4 Qf5 23. Nxe5 Qxe5 24. Ne4 Nd7 25. Bxc4 1-0

[Event "ROM-ch"]
[Site "Eforie Nord"]
[Date "2009.02.04"]
[Round "5"]
[White "Chirila, Ioan Cristian"]
[Black "Schmidt, Raul"]
[Result "1-0"]
[WhiteElo "2485"]
[BlackElo "2382"]
[PlyCount "116"]
[EventDate "2009.01.31"]
[EventType "swiss"]
[EventRounds "9"]
[EventCountry "ROU"]
[SourceTitle "CBM 130 Extra"]
[Source "ChessBase"]
[SourceDate "2009.07.02"]
[SourceVersion "2"]
[SourceVersionDate "2009.07.15"]
[SourceQuality "1"]

1. e4 e6 2. d4 d5 3. Nc3 Bb4 4. e5 b6 5. Qg4 Bf8 6. Nf3 Ba6 7. Bxa6 Nxa6 8. a3 h5 9. Qf4 Qd7 10. Bd2 Ne7 11. Qe3 c5 12. Qe2 Nc7 13. Rd1 Nf5 14. Bg5 Qc6 15. 0-0 Rc8 16. a4 c4 17. g3 Qd7 18. h3 Be7 19. Kg2 Bxg5 20. Nxg5 Qe7 21. Nf3 Kd7 22. Rh1 Qb4 23. Rb1 Kc6 24. Qd2 Kb7 25. g4 hxg4 26. hxg4 Rxh1 27. Rxh1 Nh6 28. Nb5 Qxd2 29. Nd6+ Kc6 30. Nxd2 Rf8 31. Kg3 Ne8 32. Nxe8 Rxe8 33. f4 Kd7 34. Nf1 Rh8 35. Kf3 f6 36. Ng3 Nf7 37. exf6 gxf6 38. Rxh8 Nxh8 39. g5 Ke7 40. Nh5 f5 41. Ng3 Nf7 42. Ne2 Nd6 43. Nc3 a6 44. Na2 b5 45. axb5 axb5 46. Nb4 Nc8 47. Kg3 Nb6 48. Kh4 Kf7 49. Kh5 Kg7 50. Nc6 Nd7 51. Nd8 Nf8 52. c3 Kh7 53. g6+ Nxg6 54. Nxe6 Ne7 55. Kg5 Kg8 56. Kf6 Nc6 57. Nc7 b4 58. Nxd5 b3 1-0

[Event "Val Thorens op"]
[Site "Val Thorens"]
[Date "2009.??.??"]
[Round "3"]
[White "Lersy, Xavier"]
[Black "Schmidt, Raul"]
[Result "0-1"]
[WhiteElo "2051"]
[BlackElo "2377"]
[PlyCount "68"]
[EventDate "2009.07.18"]
[EventType "swiss"]
[EventRounds "9"]
[EventCountry "FRA"]
[SourceTitle "CBM 131 Extra"]
[Source "ChessBase"]
[SourceDate "2009.09.03"]
[SourceVersion "2"]
[SourceVersionDate "2009.09.16"]
[SourceQuality "1"]

1. d4 Nf6 2. c4 g6 3. Nc3 Bg7 4. e4 d6 5. Nf3 0-0 6. Be2 e5 7. 0-0 Nc6 8. d5 Ne7 9. Ne1 Ne8 10. f3 f5 11. Be3 f4 12. Bf2 g5 13. b4 Nf6 14. c5 Ng6 15. Nd3 h5 16. Nb2 g4 17. Nc4 Bh6 18. cxd6 cxd6 19. Nb5 g3 20. hxg3 Ne8 21. g4 hxg4 22. fxg4 Bg5 23. Bf3 Bh4 24. Qe2 Bg3 25. Rfc1 a6 26. Nb6 Bd7 27. Nxd7 Qxd7 28. Bxg3 fxg3 29. Nc3 Qh7 30. Qe3 Nf6 31. Qg5 Nxg4 32. Qxg4 Qh2+ 33. Kf1 Rxf3+ 34. Ke1 Qg1+ 0-1